000 00865 a2200217 4500
001 60224
005 20260407155853.0
008 260407a1984 arg spa d
003 AR-UNSa-BCEJYS
040 _aAR-UNSa-BCEJYS
_bspa
_cAR-UNSa-BCEJYS
080 _a342.7
_xDerechos fundamentales. Derechos humanos. Derechos y deberes de los ciudadanos (Derecho a la Salud, vivienda)
245 1 0 _aGarantías constitucionales
020 _a950-14-0223-1
264 1 _aBuenos Aires :
_bEdiciones Depalma
_c1984
300 _a190 p.
_c23 cm.
505 _a1. La protección constitucional de las libertades económicas - 2. La garantía constitucional del derecho de propiedad - 3. Retroactividad de las leyes tributarias. Casos incostitucionales
041 _aspa
942 _cBK
590 _aniveau_biblio:m niveau_hierar:0
100 1 _aGarcía Belsunse, Horacio A.
999 _c6898
_d6898